Statistics for Players with more than 10 goals in the 21/22 Premier League Season

Click here to take the quiz!

General Stats

  • This quiz has been taken 27 times
  • The average score is 13 of 25

Answer Stats

GoalsPlayer% Correct
17Harry Kane
95%
23Mohamed Salah
90%
18Cristiano Ronaldo
86%
23Heung-Min Son
86%
16Sadio Mané
86%
11Bukayo Saka
71%
15Kevin De Bruyne
67%
13Raheem Sterling
67%
15Diogo Jota
62%
15Jamie Vardy
62%
10Bruno Fernandes
52%
12James Maddison
52%
14Wilfried Zaha
52%
11Ollie Watkins
48%
11Riyadh Mahrez
48%
12Ivan Toney
43%
10Michail Antonio
43%
10James Ward-Prowse
38%
11Mason Mount
38%
10Richarlison
38%
10Emile Smith Rowe
33%
12Jarrod Bowen
33%
10Emmanuel Dennis
19%
11Teemu Pukki
14%
11Raphinha
5%

Score Distribution

Percentile by Number Answered

Percent of People with Each Score

Your Score History

You have not taken this quiz